| 000 | 00954nam a2200313Ia 4500 | ||
|---|---|---|---|
| 003 | OSt | ||
| 005 | 20221007124931.0 | ||
| 006 | a|||||r|||| 00| 0 | ||
| 007 | ta | ||
| 008 | 221006b |||||||| |||| 00| 0 eng d | ||
| 020 |
_a9788122420920 (pbk) _c900 |
||
| 024 | _a200122 | ||
| 037 |
_b990, 18/02/2019, Total Books India _cTextual |
||
| 040 |
_aCDL _cCDL _beng |
||
| 041 |
_2eng _aeng |
||
| 082 | _aE:3, P8;22-;23 Carc | ||
| 100 |
_aKhopkar SM _9721038 |
||
| 245 | 0 | _aBasic concepts of analytical chemistry | |
| 250 | _a3 | ||
| 260 |
_aNew _bdelhi New Age India _c2017 |
||
| 300 |
_axxvii, 604p. ill. _ccm. |
||
| 500 | _aAppendix 580-586p.; Index 587-604p. | ||
| 650 |
_a Chromatography _9459460 |
||
| 650 |
_a Electron _9721039 |
||
| 650 |
_a Spectroscopy _9479665 |
||
| 650 | _aChemistry | ||
| 942 |
_hE:3, P8;22-;23 Carc _cTEXL _2CC |
||
| 999 |
_c1214397 _d1214397 |
||